| 000 | 00922nas a2200301 4500 | ||
|---|---|---|---|
| 001 | BR2014005610 | ||
| 003 | BR-BrBNA | ||
| 005 | 20231205124448.0 | ||
| 007 | ta | ||
| 008 | 230509b bl.|||p| |||| 00| 00por d | ||
| 040 |
_aBR-BrBNA _bpor _cBiblioteca Nacional de Agricultura |
||
| 041 | _a(Pt) | ||
| 072 | _aF01 | ||
| 100 | 1 | _aPereira, E.A. | |
| 100 | 1 | _aDall'Agnol, M. | |
| 100 | 1 | _aNabinger, C. | |
| 100 | 1 | _aHuber, K.G.C. | |
| 100 | 1 | _aMontardo, D.P. | |
| 100 | 1 | _aGenro, T.C.M. | |
| 245 | 1 | _aProdução agronômica de uma coleção de acessos de Paspaçum nicorae Parodi | |
| 650 | _aPLANTA FORRAGEIRA | ||
| 650 | _aPRODUÇÃO | ||
| 650 | _aQUALIDADE | ||
| 773 | 0 |
_tRevista Brasileira de Zootecnia (Brazil) _xISSN 1806-9290 _g(Mar 2011), v. 40(3) p. 498-508 _wBR2014005610 |
|
| 856 | 4 | 0 | _uhttp://www.scielo.br/pdf/rbz/v40n3/06.pdf |
| 909 |
_a202311 _bLúcia _c55 _dLúcia Elande |
||
| 942 |
_2AGRIS _n0 _cANA |
||
| 999 |
_c239210 _d239210 |
||